000 01042nam a2200253Ia 4500
003 GCL
005 20240530095320.0
008 140319s9999 xx 000 0 ara d
020 _a0145775977
040 _aGCL /
_cGCL
082 0 4 _a320.960
_bج ف
100 1 _aالجمعية الافريقية للعلوم السياسية
245 1 0 _aمختارات المجلة الافريقية للعلوم السياسية :
_bالفساد السياسي ومشكلات التنمية فى افريقيا /
_cالجمعية الافريقية للعلوم السياسية
260 _aالقاهرة :
_bبرنامج الدراسات الافريقية المصرية ،
_c2003
300 _a215 ص ؛
_c16 سم
490 _aمختارات المجلة الافريقية للعلوم السياسية
_v0
650 0 4 _aالانتخابات
650 0 4 _aالتنمية
650 0 4 _aالدولة
650 0 4 _aالفساد السياسى
650 0 4 _aالعولمة - افريقيا
650 0 4 _aأثنية
942 _2ddc
_cBK
999 _c6074
_d6074